In the hand of destiny/ (Record no. 11071)

MARC details
000 -LEADER
fixed length control field 00492nam a22001697a 4500
008 - FIXED-LENGTH DATA ELEMENTS--GENERAL INFORMATION
fixed length control field 230504b |||||||| |||| 00| 0 eng d
020 ## - INTERNATIONAL STANDARD BOOK NUMBER
ISBN 9789788446
040 ## - CATALOGING SOURCE
Original cataloging agency NLN
Language of cataloging English
100 ## - MAIN ENTRY--AUTHOR
Author EDEOGHON, Peter
245 ## - TITLE STATEMENT
Title In the hand of destiny/
Statement of responsibility, etc Peter Edeoghon
260 ## - PUBLICATION, DISTRIBUTION, ETC. (IMPRINT)
Place of publication Benin city:
Name of publisher Mindex Publishing,
Date of publication 2014.
650 ## - TRACINGS
Main Subject Edeoghon, Peter 1940-
650 ## - TRACINGS
Main Subject Administrator
Subdivision (1st) Nigeria
Subdivision (2nd) Biography
942 ## - ADDED ENTRY ELEMENTS (KOHA)
Item type Books
050 ## - LIBRARY OF CONGRESS CALL NUMBER
Classification number DT515.77.
Item number E22
082 ## - DEWEY DECIMAL CLASSIFICATION NUMBER
Classification number 923.5669

No items available.

National Library of Nigeria OPAC is powered by Koha